000 00521nam a2200205Ia 4500
001 2978
003 IVS
005 20250626025201.0
008 211022s9999 xx 000 0 und d
040 _cIVS
082 _a746 AFS
100 _aAfsheen Junejo
245 0 _aBhils of Sindh People of the Soil
260 _aKarachi
260 _bIndus Valley School
260 _c1998
300 _a60
856 _uhttps://drive.google.com/file/d/1pBmqQDeHcnaxn3xNG-_TGKNCeZxeHUi5/view?usp=sharing
942 _cDISS
_n0
_2ddc
999 _c3083
_d3083